|
|
|
|
| LEADER |
01792nam a2200325 i 4500 |
| 001 |
10020987 |
| 003 |
GR-PaULI |
| 005 |
20230615063151.0 |
| 008 |
990322s1993 gr g d gre d |
| 952 |
|
|
|0 0
|1 0
|4 0
|6 823_000000000000000_S
|7 0
|9 181730
|a LISP
|b LISP
|c BSC
|d 2016-04-24
|i 041786
|l 0
|o 823 S
|p 025000005739
|r 2016-04-24 00:00:00
|t 1
|w 2016-04-24
|y BK15
|
| 952 |
|
|
|0 0
|1 0
|4 0
|6 823_000000000000000_SHE
|7 0
|9 181731
|a LISP
|b LISP
|c BSC
|d 2016-04-24
|i 060015
|l 5
|m 3
|o 823 SHE
|p 025000080911
|r 2022-10-12 00:00:00
|s 2022-06-28
|t 2
|w 2016-04-24
|y BK15
|
| 952 |
|
|
|0 0
|1 0
|2 ddc
|4 0
|6 823_000000000000000_SHE
|7 0
|9 209626
|a THST
|b THST
|d 2017-02-06
|i 013488
|l 0
|o 823 SHE
|p 025000013784
|r 2017-02-06 00:00:00
|t 3
|w 2017-02-06
|y BK15
|
| 999 |
|
|
|c 112325
|d 112325
|
| 020 |
|
|
|a 9600504334
|
| 040 |
|
|
|a GR-PaULI
|c GR-PaULI
|
| 041 |
1 |
|
|a gre
|h eng
|
| 082 |
0 |
4 |
|a 823
|2 23
|
| 100 |
1 |
|
|a Shelley, Mary Wollstonecraft,
|d 1797-1851
|9 134079
|e συγγραφέας
|
| 245 |
1 |
0 |
|a Φρανκενστάϊν ή, O σύγχρονος Προμηθέας /
|c Μαίρη Σέλλευ ; μετάφραση Ερρίκος Μπελιές ; επίμετρο Harold Bloom.
|
| 260 |
|
|
|a Αθήνα :
|b Ι. Δ. Κολλάρου & Σίας,
|c 1993.
|
| 300 |
|
|
|a 275 σ. ;
|c 21 εκ.
|
| 650 |
|
4 |
|a Αγγλικό μυθιστόρημα
|9 2570
|
| 650 |
|
4 |
|a Επιστημονική φαντασία
|9 2976
|
| 700 |
1 |
4 |
|a Μπελιές, Ερρίκος Γ.,
|d 1950-2016
|e μεταφραστής
|9 1476
|
| 700 |
1 |
4 |
|9 43844
|a Bloom, Harold,
|d 1930-
|e συγγραφέας επίμετρου
|
| 852 |
|
|
|a GR-PaULI
|b ΠΑΤΡΑ
|b ΒΚΠ
|b ΒΣ2
|k ΑΣΧΕ
|h 823 S
|m 041786
|p 025000005739
|t 1
|
| 852 |
|
|
|a GR-PaULI
|b ΠΑΤΡΑ
|b ΒΚΠ
|b ΒΣ2
|k ΑΣΧΕ
|h 823 SHE
|m 060015
|p 025000080911
|t 2
|
| 942 |
|
|
|2 ddc
|c BK15
|
| 998 |
|
|
|c ΗΛΙΟΠΟΥΛΟΥ
|d 1999-03
|
| 998 |
|
|
|c ΜΑΝΙΑ
|d 2022-10
|